Očakávanie zmien v plavbe na Dunaji k odstráneniu poslednej plavebnej prekážky môže prispieť väčší dôraz Európskej únie

Bibliographic Details
Main Author: Sotník, Alexander (Author)
Format: Article
Language:Slovak
ISSN:1335-7883
Subjects:

MARC

LEADER 00000nab a2200000 ar4500
001 vtls009474539
003 SK-MaSNL
005 20260426072021.0
008 180227c2009 xo sr|p|||||||000 b|slo
015 |a SNBRB2009/02  |2 snkbucl 
038 |a SNKBUCL 
040 |a SNKBUCL  |b slo  |c SNKBUCL  |e AACR2 
041 0 |a slo 
044 |a xo  |c SK 
080 |a 656.6  |x (437.6)  |2 2001 
100 1 |a Sotník, Alexander  |4 aut  |9 265401 
245 1 0 |a Očakávanie zmien v plavbe na Dunaji  |b k odstráneniu poslednej plavebnej prekážky môže prispieť väčší dôraz Európskej únie  |c Sotník Alexander 
650 0 7 |a vodná doprava  |2 snkbucl  |9 30493 
651 7 |a Dunaj (rieka)  |2 snkbucl  |9 22602 
651 7 |a Slovensko  |2 snkbucl  |9 14231 
773 0 |t Verejná správa  |g Roč. 64, č. 2 (2009), s. 20  |x 1335-7883 
852 |a SNK  |b KIS3GCP 
999 |c 2684321  |d 2686251